Pays de + 5 millions d'habitants - Mort subite - Statistiques

Statistiques générales
  • Ce quiz a été pris 86 fois
  • Le résultat moyen est 3 sur 12
Answers on the Grid
Answers color-coded by a green-red scale on the quiz's grid according to % correct below.
Mauritanie
Oman
Costa Rica
Centrafrique
Nouvelle-Zélande
Irlande
Slovaquie
Norvège
Suède
Liban
Singapour
Salvador
Panama
Croatie
Géorgie
Erythrée
Mongolie
Uruguay
Moldavie
Qatar
Namibie
Arménie
Lituanie
Jamaïque
 
Statistiques - réponses
Réponse % Correct
Suède
44%
Norvège
42%
Nouvelle-Zélande
27%
Centrafrique
25%
Liban
25%
Irlande
20%
Singapour
16%
Slovaquie
16%
Mauritanie
15%
Costa Rica
9%
Salvador
7%
Oman
5%
Aucun quiz correspondant
Distribution des résultats
% des personnes avec chaque résultat
Percentile par nombre de réponses
Votre historique - résultats
Vous n’avez pas pris ce quiz